Statistiques concernant Carreau : Minecraft

Cliquez ici pour prendre le quiz!

Statistiques générales

  • Ce quiz a été pris 205 fois
  • Le résultat moyen est 22 sur 27

Statistiques - réponses

QuestionTuileSelect% Correct
Outils existantsPiocheOui
99%
Outils existantsHacheOui
98%
Monstre existantsBaleineNon
97%
Monstre existantsSqueletteOui
97%
Outils existantsMarteauNon
96%
Outils existantsScieNon
96%
Outils existantsCanne a pêcheOui
95%
Biome existantsOcéan de sangNon
95%
Outils existantsEscabeauNon
94%
Monstre existantsRequinNon
93%
Monstre existantsBlazeOui
92%
Biome existantsMaraisOui
92%
Outils existantsSeauOui
92%
Monstre existantsGhastOui
91%
Biome existantsSavaneOui
91%
Biome existantsVolcanNon
89%
Monstre existantsHerobrineNon
87%
Monstre existantsHumainsNon
80%
Outils existantsLongue-vueOui
74%
Monstre existantsPoisson d'argentOui
74%
Biome existantsTaïgaOui
74%
Biome existantsPlageOui
60%
Biome existantsCavernes de champignonNon
55%
Monstre existantsZombie du NetherNon
54%
Biome existantsForêt carminOui
49%
Outils existantsPinceauOui
26%
Biome existantsBosquetsOui
24%

Distribution des résultats

Percentile par nombre de réponses

% des personnes avec chaque résultat

Votre développement - résultats

Vous n’avez pas pris ce quiz